000 00450nam a2200181Ia 4500
001 13190
005 20260306163035.0
008 260306t2013||||xx |||||||||||||| ||spa||
041 _aESP
082 _a001.42
_bB24
100 _aBarbour, Rosaline
_eAUT
245 0 _aLos grupos de discusión en investigación cualitativa
260 _c2013
300 _a222 páginas :
_c24 cm.
650 _aGEN
654 _aCCC
942 _cLIB
_dJUS
_fJUS
_2ddc
_n
999 _c13190
_d13190